000 00660nam a2200241Ia 4500
003 OSt
005 20221007075254.0
006 a|||||r|||| 00| 0
007 ta
008 221006b |||||||| |||| 00| 0 eng d
024 _a9,208
037 _cReference Collections
040 _aFLL
_cFLL
_beng
041 _2eng
_aeng
082 _aZ2,2674, N5
100 _aNarayanan P. Au.
245 0 _aLaw of copyright and industrial designs
250 _a2nd
260 _aNew Delhi
_bEastern law house India
_c1995
300 _a38,969p
_ccm.
942 _hZ2,2674, N5
_cREF
_2CC
999 _c1155431
_d1155431